| 000 | 01064cam a22002894a 4500 | ||
|---|---|---|---|
| 999 |
_c17851 _d17823 |
||
| 003 | EG-ScBUE | ||
| 005 | 20210124104943.0 | ||
| 008 | 050801s2003 ua f 000 f ara d | ||
| 017 | _a2003/5057 | ||
| 020 | _a9770811077 | ||
| 040 |
_aEG-ScBUE _bara _erda _cEG-ScBUE _dEG-ScBUE |
||
| 082 | 0 | 4 |
_a892.736 _bم ح م _222 |
| 100 | 1 |
_aمحمود، مصطفى، _d1921-2009، _eمؤلف. _934614 |
|
| 245 | 1 | 2 |
_aالعنكبوت / _cد. مصطفى محمود. |
| 264 | 1 |
_a[القاهرة] : _bدار أخبار اليوم، قطاع الثقافة، _c2003. |
|
| 300 |
_a111 صفحة ؛ _c20 سم. |
||
| 336 |
_2rdacontent _aنص _btxt |
||
| 337 |
_2rdamedia _aبدون وسيط _bn |
||
| 338 |
_2rdacarrier _aمجلد _bnc |
||
| 490 | 0 | _aالأعمال الكاملة | |
| 590 | _aBook for the road program. | ||
| 650 | 7 |
_aالقصص العربية _zمصر _yقرن 21. _2BUEsh _934544 |
|
| 653 |
_cDecember2013 _bARALIT |
||
| 655 |
_vReading book _934232 |
||
| 800 | 1 |
_aمحمود، مصطفى. _tالأعمال الكاملة |
|
| 942 |
_2ddc _cBB _k813.03 م ح م |
||